000
00342 a2200157 4500
001
62530
020
_a
9788560814077
040
_c
Anchieta - Pituba
100
_a
Martins, Marcelino Antônio
240
1
0
_a
Novos ventos baianos
_l
por
245
1
0
_a
Novos ventos baianos
300
_a
213
362
0
_a
2007
650
4
_a
Bahia
942
_c
BK
999
_c
62530
_d
62530